=LDR 00000nam 2200000 4500 =001 INLIS000000000052317 =005 20180205083947 =035 ##$$a 0010-0218000013 =007 ta =008 180205###########################0###### =020 ##$$a 978-979-769-773-0 =082 ##$$a 371.007 2 =084 ##$$a 371.007 2 ABD m =100 #$$a ABD Rahman A.Ghani =245 1#$$a Metodologi Penelitian Tindakan Sekolah /$c Prof. Dr.ABD Rahman A.Ghani =250 ##$$a cet.3 =260 ##$$a Jakarta :$b Rajawali Pers,$c 2016 =300 ##$$a xvii, 244 hlm. : $b ilus. ; $c 21 cm =500 ##$$a Biografi : hlm. 241-244 =650 ##$$a Sekolah - Penelitian =504 ##$$a Bibliografi : hlm. 205-212 =990 ##$$a 26902690 =990 ##$$a 26902690 =990 ##$$a 26902690 =990 ##$$a 26902690 =990 ##$$a 26902690 =990 ##$$a 21705536 =990 ##$$a 01201802690 =990 ##$$a 01201802691 =990 ##$$a 01201802692 =990 ##$$a 01201802693 =990 ##$$a 21705537 =990 ##$$a 01201802690 =990 ##$$a 01201802691 =990 ##$$a 01201802692 =990 ##$$a 21705536 =990 ##$$a 21705538 =990 ##$$a 01201802690 =990 ##$$a 01201802691 =990 ##$$a 21705537 =990 ##$$a 21705536 =990 ##$$a 21705539 =990 ##$$a 01201802690 =990 ##$$a 21705538 =990 ##$$a 21705537 =990 ##$$a 21705536 =990 ##$$a 21705540 =990 ##$$a 21705539 =990 ##$$a 21705538 =990 ##$$a 21705537 =990 ##$$a 21705536